Welcome to the Holygrace Academy Library

Please use search bar below to get started

GOOSEBUMPS- SAY CHEESE AND DIE (Record no. 8701)

MARC details
000 -LEADER
fixed length control field 00375nam a22001457a 4500
082 ## - DEWEY DECIMAL CLASSIFICATION NUMBER
Classification number 823
Item number STI/S
100 ## - MAIN ENTRY--AUTHOR NAME
Personal name STINE, R L
245 ## - TITLE STATEMENT
Title GOOSEBUMPS- SAY CHEESE AND DIE
246 ## - VARYING FORM OF TITLE
Title proper/short title GOOSEBUMPS- SAY CHEESE AND DIE
Remainder of title GOOSEBUMPS- SAY CHEESE AND DIE
260 ## - PUBLICATION, DISTRIBUTION, ETC. (IMPRINT)
Place of publication LONDON
Name of publisher SCHOLASTIC
Year of publication 1993
300 ## - PHYSICAL DESCRIPTION
Number of Pages 136
520 ## - SUMMARY, ETC.
Summary, etc MYSTERY STORY
650 ## - SUBJECT ADDED ENTRY--TOPICAL TERM
Topical Term ENGLISH FICTION
942 ## - ADDED ENTRY ELEMENTS (KOHA)
Koha item type Books
Holdings
Withdrawn status Lost status Collection code Home library Current library Shelving location Date acquired Source of acquisition Cost, normal purchase price Full call number Accession Number Koha item type
    Fiction Main Library Main Library SHELF 4-A GOOSEBUMPS 06/02/2019 PURCHASED 60.00 823 STI/S 11098 Books